Controlling ako pomoc riadenia podniku v krízovej situácii

Vymedzenie pojmu controlling. Potreba controllingu. Strategický verzus operatívny controlling. Operatívny kontrolling a jeho nástroje. Hlavné rozlišovanie znaky medzi strategickým a operatívnym controllingom. Controlling ako štábna alebo líniová pozícia v podniku.

Salvato in:
Dettagli Bibliografici
Autore principale: Alexandrová, Gabriela
Natura: Capitolo di libro
Lingua:slovacco
Soggetti:
Tags: Aggiungi Tag
Nessun Tag, puoi essere il primo ad aggiungerne!!

MARC

LEADER 00000naa$a2200000$$$4500
001 0107008
005 20231011094130.4
041 0 |a slo 
044 |a SK 
245 1 0 |a Controlling ako pomoc riadenia podniku v krízovej situácii  |c Gabriela Alexandrová 
520 |a Vymedzenie pojmu controlling. Potreba controllingu. Strategický verzus operatívny controlling. Operatívny kontrolling a jeho nástroje. Hlavné rozlišovanie znaky medzi strategickým a operatívnym controllingom. Controlling ako štábna alebo líniová pozícia v podniku. 
610 2 0 |a riadenie podnikové 
610 2 0 |a manažment 
610 2 0 |a kontroling operatívny 
610 2 0 |a kontroling strategický 
100 1 |a Alexandrová, Gabriela